000 00336 a2200157 4500
001 61433
020 _a8576830647
040 _cAnchieta - Pituba
100 _aGasparini, MarĂ­a Victoria
240 1 0 _aO acampamento
_lpor
245 1 0 _aO acampamento
300 _a57
362 0 _a2006
650 4 _aLiteratura juvenil
942 _cBK
999 _c61433
_d61433